000 00575nam a2200229Ia 4500
003 OSt
005 20220916111024.0
006 a|||||r|||| 00| 0
007 ta
008 220915b |||||||| |||| 00| 0 eng d
024 _a121585
037 _cTextbook
040 _beng
_aARTS
_cARTS
041 _aeng
082 _aV5961:17:N5, 122J0 (906)
100 _aWaters A
245 0 _aLa nouvelle politique coloniale
260 _c1950
650 _aHISTORY
942 _hV5961:17:N5, 122J0 (906)
_cTB
_2CC
999 _c103634
_d103634